000 00633nam a22002057a 4500
005 20260523121904.0
008 260523b |||||||| |||| 00| 0 eng d
020 _a9789360288679
_c1250.00
040 _aMAIN
041 _aEnglish
082 _a543.4
_bELW
100 _aRawat, Anita (ed)
_926881
245 _aElementary Spectroscopic Techniques
_b: The Learner's Perspective
260 _aDehradun
_bBishan Singh Mahindra Pal Singh
_c2024
300 _a139
650 _aUttarakhand Collection : Himalaya Collection
_913
700 _aNautiyal, Om Prakash (ed)
_926882
700 _aParcha, Versha (ed)
_926883
942 _cBK
999 _c60862
_d60862